000 00658 a2200193 4500
010 _aENG-89202
020 _a9788120334335
_c375.00
035 _aEN-72735
037 _bDBAD / PUB
082 1 4 _a658.802
090 _c10524
_d10524
100 1 _aSahaf, Musadiq A .
245 1 _aStrategic marketing :
_cby Musadiq A. Sahaf
_bmaking decisions for strategic advantage /
260 _aNew Delhi
_bPrentice Hall of India
_c2008
270 _aM-97, Connaught Circus
_e110001
300 _axv ,506p
_b24 cm ( Pbk.)
942 _adpl
_cEN
_k658.802 /SAH
999 _c10249
_d10249